00474nam a2200181 a 4500001001300000003000900013005001700022008004100039020002200080082001300102100002100115245002300136260004400159300001000203500003500213650002300248700002100271nice12345678IN_TiNIC20260116014721.0131111s1998 lona grp 000 0 eng  a9780192833594c9500a820bDIC aDickens, Charles aGreat Expectations aLondan bOxford University Press c1998 a505p  aincludes index and biblioraphy aEnglish-Literature1 aDickens, Charles